[Event "AUTO-BEG-637"]
[Site "http://www.queenalice.com/game.php?id=1410615"]
[Date "2016.2.22"]
[Round "1"]
[White "fc9"]
[Black "Nonato65"]
[Result "0-1"]
[WhiteElo "1404"]
[BlackElo "1743"]

1. e4 d5 2. e5 Bf5 3. d3 c6 4. Nc3 h6 5. Nf3 e6 6. Be2 Be7 7. Be3 Nd7 8. d4 a6
9. Bd3 Bxd3 10. Qxd3 c5 11. O-O Rc8 12. a4 cxd4 13. Qxd4 Bc5 14. Qf4 Ne7 15.
Bxc5 Nxc5 16. b4 Nd7 17. Ra3 O-O 18. b5 a5 19. Ne2 Rxc2 20. Nh4 Rxe2 21. Rg3 Ng6
22. Rg4 Nxf4 23. Rxf4 Qg5 24. Rd4 b6 25. Nf3 Qg6 26. Rh4 Rc8 27. g3 Rc3 28. Rf4
Qh5 29. Kg2 g5 30. g4 gxf4 31. gxh5 Ra2 32. Rd1 Rxa4 33. Nd4 Nb8 34. Ne2 f3+ 35.
Kh1 fxe2 36. Re1 Ra2 0-1

[Event "AUTO-BEG-637"]
[Site "http://www.queenalice.com/game.php?id=1410616"]
[Date "2016.2.22"]
[Round "1"]
[White "Nonato65"]
[Black "fc9"]
[Result "0-1"]
[WhiteElo "1770"]
[BlackElo "1347"]

1. e4 e5 2. Bc4 Nf6 3. d3 Bc5 4. Be3 Bxe3 5. fxe3 d6 6. Nf3 Bg4 7. O-O O-O 8. h3
Bxf3 9. Qxf3 Nbd7 10. Nd2 c5 11. a3 a6 12. Rf2 b5 13. Ba2 a5 14. Nf1 a4 15. Ng3
Rb8 16. Nf5 Rb7 17. Nxd6 Rb6 18. Nf5 b4 19. Bc4 b3 20. c3 Kh8 21. Raf1 Ng8 22.
Qg3 g6 23. Nh4 Ndf6 24. Nf3 Nh6 25. Nxe5 Qe7 26. Nf3 Nh5 27. Qh2 Rf6 28. g4 Nxg4
29. hxg4 Ng7 30. g5 Rb6 31. Qh6 f6 32. Nh4 f5 33. Nxg6+ Rxg6 34. Rxf5 Nxf5 35.
Qxf8+ Qxf8 36. Rxf5 Qg7 0-1

[Event "AUTO-BEG-638"]
[Site "http://www.queenalice.com/game.php?id=1431746"]
[Date "2016.7.14"]
[Round "2"]
[White "fc9"]
[Black "Paulo_Fernando"]
[Result "1-0"]
[WhiteElo "1523"]
[BlackElo "1561"]

1. e4 c6 2. d4 d5 3. Bd3 dxe4 4. Bxe4 Nf6 5. Bd3 Qxd4 6. Nf3 Qd8 7. Be3 Nbd7 8.
Nc3 g6 9. Ne4 Nxe4 10. Bxe4 Bg7 11. Bd4 O-O 12. Bxg7 Kxg7 13. O-O Nf6 14. Qxd8
Rxd8 15. Ng5 h6 16. Nf3 Nxe4 17. Rae1 1-0

[Event "AUTO-BEG-638"]
[Site "http://www.queenalice.com/game.php?id=1431747"]
[Date "2016.7.14"]
[Round "2"]
[White "Paulo_Fernando"]
[Black "fc9"]
[Result "0-1"]
[WhiteElo "1580"]
[BlackElo "1504"]

1. d4 d5 2. Nf3 Nf6 3. Bf4 e6 4. Nbd2 Bd6 5. Bxd6 Qxd6 6. e3 Nc6 7. c3 Bd7 8.
Bd3 O-O 9. O-O Ng4 10. h3 Nf6 11. Re1 e5 12. dxe5 Nxe5 13. Nxe5 Qxe5 14. Nf3 Qh5
15. Rc1 c6 16. Nh2 Qg5 17. f4 Qg3 0-1

[Event "Challenge"]
[Site "http://www.queenalice.com/game.php?id=1436377"]
[Date "2016.8.15"]
[Round "-"]
[White "fornery"]
[Black "fc9"]
[Result "1-0"]
[WhiteElo "1620"]
[BlackElo "1516"]

1. Nf3 Nf6 2. e3 d5 3. c4 c5 4. cxd5 Nxd5 5. Ne5 Qd6 6. d4 Nb4 7. Qa4+ N8c6 8.
d5 Qxe5 9. dxc6 bxc6 10. a3 Nc2+ 11. Qxc2 e6 12. b4 Qxa1 13. Bb2 Qa2 14. Bc4
Qxc4 15. Qxc4 cxb4 16. Qxc6+ Kd8 17. Qxa8 a6 18. Qa7 bxa3 19. Nxa3 Bb4+ 20. Ke2
Rg8 21. Rc1 Re8 22. Qc7# 1-0

[Event "Challenge"]
[Site "http://www.queenalice.com/game.php?id=1439420"]
[Date "2016.9.3"]
[Round "-"]
[White "fc9"]
[Black "Lapoule"]
[Result "0-1"]
[WhiteElo "1541"]
[BlackElo "1497"]

1. e4 e5 2. Nf3 Nc6 3. Bc4 Bc5 4. d3 Nd4 5. Ng5 Ne6 6. Qg4 Nxg5 7. Bxg5 d5 8.
Bxd8 Bxg4 9. Bxd5 c6 10. h3 Bh5 11. Bxf7+ Bxf7 12. Ba5 Nf6 13. Bc3 Bd4 14. Bxd4
exd4 15. Nd2 O-O 16. O-O Nh5 17. Nf3 c5 18. c4 Nf4 19. Ne5 Be6 20. Nd7 Bxd7 21.
Rae1 Nxd3 22. Rb1 Rf6 23. b3 Raf8 24. Rbd1 Nf4 25. Rd2 Rg6 26. g4 Nxh3+ 27. Kh2
Bxg4 28. f3 Bxf3 29. Kxh3 Bg4+ 30. Kg2 Be2+ 31. Kh2 Bxf1 32. e5 Rf5 33. Rd1 Rh5#
0-1

[Event "Challenge"]
[Site "http://www.queenalice.com/game.php?id=1448412"]
[Date "2016.11.6"]
[Round "-"]
[White "fc9"]
[Black "fornery"]
[Result "0-1"]
[WhiteElo "1544"]
[BlackElo "1620"]

1. e4 g5 2. Bc4 Nf6 3. Nc3 g4 4. Nd5 e6 5. Nxf6+ Qxf6 6. Qxg4 Bc5 7. Nf3 Nc6 8.
c3 h5 9. Qh3 e5 10. d4 Bxd4 11. cxd4 exd4 12. Bg5 Qg6 13. Bd3 d5 14. Qh4 Nb4 15.
Bb5+ Nc6 16. Ne5 Qd6 17. Bxc6+ bxc6 18. Bf6 Ba6 19. Be7 Qxe5 20. Bf6 Qd6 21.
Bxh8 Qb4+ 22. Kd1 Qxb2 23. Qf4 Qxa1+ 24. Qc1 Qxc1+ 25. Kxc1 c5 26. exd5 Ke7 27.
Be5 Kd7 28. Re1 Bc4 29. a4 Re8 30. Kd2 d3 31. Re4 Bxd5 32. Rf4 c4 33. Bc3 Re2+
34. Kd1 Rc2 35. Bf6 Bxg2 36. Rd4+ Ke6 37. Bh4 c5 38. Re4+ Bxe4 0-1

[Event "Challenge"]
[Site "http://www.queenalice.com/game.php?id=1448413"]
[Date "2016.11.6"]
[Round "-"]
[White "fornery"]
[Black "fc9"]
[Result "0-1"]
[WhiteElo "1641"]
[BlackElo "1523"]

1. e3 e5 2. Nf3 d6 3. h4 Bg4 4. c3 Nf6 5. Qb3 Nc6 6. Bc4 d5 7. Qxb7 Bd7 8. Bb5
Rb8 9. Qa6 Rb6 10. Qa4 Bd6 11. d4 e4 12. Ne5 Nxe5 13. Bxd7+ Nfxd7 14. dxe5 Bxe5
15. Qa5 Qa8 16. Na3 O-O 17. c4 Bxb2 18. Bxb2 Rxb2 19. O-O-O Qb8 20. Qxd5 Nf6 21.
Qe5 Rxa2 22. Nb5 Re8 23. Qxc7 Qxc7 24. Nxc7 Rc8 25. c5 Ra5 26. c6 Rc5+ 27. Kd2
Rxc7 28. Rc1 R7xc6 29. Ra1 Rc2+ 30. Kd1 Rxf2 31. Rc1 Rxc1+ 32. Kxc1 Rxg2 33. Rd1
g6 34. Rd7 Nxd7 0-1

[Event "Challenge"]
[Site "http://www.queenalice.com/game.php?id=1466179"]
[Date "2017.2.24"]
[Round "-"]
[White "fornery"]
[Black "fc9"]
[Result "0-1"]
[WhiteElo "1643"]
[BlackElo "1528"]

1. b3 e5 2. Nf3 d6 3. e4 Nf6 4. Nc3 Be7 5. h4 Bg4 6. Bd3 Nc6 7. Qe2 O-O 8. Nd5
Nd4 9. Qe3 Nxd5 10. exd5 Bf5 11. Bb2 Bxd3 12. Nxd4 Bg6 13. Nf3 Bxc2 14. g4 c6
15. h5 h6 16. d3 cxd5 17. Rc1 d4 18. Nxd4 Bg5 19. Qe2 Bxc1 20. Bxc1 exd4 21.
Qxc2 Re8+ 22. Kd1 Rc8 23. Qb2 Rc3 24. f4 b5 25. Qa3 Rxd3+ 26. Bd2 Re4 27. Qxa7
Rxf4 28. Kc2 Rff3 29. Rc1 Qc8+ 30. Kb2 Rxd2+ 31. Kb1 Rc3 32. Rf1 Qe8 33. Qa3
Rdc2 34. Qxd6 Qe2 35. Rh1 Rb2+ 0-1

[Event "Challenge"]
[Site "http://www.queenalice.com/game.php?id=1466180"]
[Date "2017.2.24"]
[Round "-"]
[White "fc9"]
[Black "fornery"]
[Result "1-0"]
[WhiteElo "1535"]
[BlackElo "1636"]

1. e4 Nf6 2. d3 e5 3. Nf3 Bc5 4. Be3 Bxe3 5. fxe3 Ng4 6. Qd2 d5 7. h3 dxe4 8.
hxg4 exf3 9. gxf3 Qf6 10. Bg2 e4 11. dxe4 Qxb2 12. Qd5 Qxa1 13. Qb5+ Nc6 14. O-O
Qxa2 15. Nd2 Be6 16. Qxb7 Rd8 17. Qxc6+ Bd7 18. Qxc7 a5 19. Qe5+ Be6 20. Qxg7
Rf8 21. Qc3 Rc8 22. Qe5 Rxc2 23. Qb8+ Rc8 24. Qb5+ Ke7 25. Qb7+ Kf6 26. e5+ Kxe5
27. f4+ Kf6 28. Ne4+ Kg7 29. f5 Rb8 30. Qe7 Qb2 31. Qg5+ Kh8 32. Nf6 Rb6 33. Qh6
Bxf5 34. Rxf5 Rxf6 35. Rxf6 Qb8 36. g5 Rg8 37. Rxf7 Qb1+ 38. Kh2 Qg6 39. Qxg6
Rxg6 40. Be4 Rxg5 41. Rxh7+ Kg8 42. Rh6 Kf7 43. Rh3 Rb5 44. Rf3+ Ke6 45. Bd3
Rb2+ 46. Kg3 a4 47. Rf2 Rxf2 48. Kxf2 Kd5 49. Bb1 a3 50. Ba2+ Kc5 51. Ke2 Kd6
52. Kd3 1-0

[Event "OS INCLIVES"]
[Site "http://www.queenalice.com/game.php?id=1471463"]
[Date "2017.4.1"]
[Round "-"]
[White "adelio"]
[Black "fc9"]
[Result "1-0"]
[WhiteElo "1603"]
[BlackElo "1549"]

1. d4 d5 2. e4 dxe4 3. Nc3 Nf6 4. f3 exf3 5. Nxf3 Bg4 6. h3 Be6 7. Be2 Nd5 8.
Nxd5 Bxd5 9. O-O e6 10. Ng5 Be7 11. Nxf7 Qd7 12. Nxh8 Bf6 13. Bh5+ g6 14. Nxg6
hxg6 15. Bxg6+ Ke7 16. Qd2 Nc6 17. Rxf6 Nd8 18. Qe2 Kxf6 19. Qg4 Nf7 20. Bxf7
Kxf7 21. Be3 Rg8 22. Rf1+ Ke7 23. Bg5+ Kd6 24. Bf4+ Kc6 25. Qxg8 Kb6 26. Qg3 Bc4
27. Rf3 Qxd4+ 28. Kh2 Bxa2 29. b3 Bb1 30. Rd3 Qb2 31. Bxc7+ Kb5 32. c4+ Kb4 33.
Qd6# 1-0

[Event "OS INCLIVEIS"]
[Site "http://www.queenalice.com/game.php?id=1471464"]
[Date "2017.4.1"]
[Round "-"]
[White "fc9"]
[Black "adelio"]
[Result "1-0"]
[WhiteElo "1512"]
[BlackElo "1500"]

1. e4 a6 2. d4 c5 3. c3 e6 4. dxc5 Bxc5 5. Nf3 Bxf2+ 6. Kxf2 Nc6 7. Nd4 Nxd4 8.
Qxd4 Qf6+ 9. Kg1 Ne7 10. Qxf6 gxf6 11. Be3 b5 12. b4 Bb7 13. Nd2 O-O-O 14. Bb6
Rdg8 15. c4 Rg6 16. cxb5 Rhg8 17. Rc1+ Kb8 18. bxa6 Ba8 19. a7+ Kb7 20. Nc4 Nc8
21. Bd4 d6 22. b5 Nxa7 23. Nxd6+ Kb8 24. b6 e5 25. bxa7# 1-0